Plánované rodičovstvo ako základné ľudské právo Spektrum dostupných metód antikoncepcie

Bibliographic Details
Main Author: Kliment, Michal, 1949- (Author)
Format: Article
Language:Slovak
Subjects:

MARC

LEADER 00000nab a2200000 a 4500
001 vtls000584515
003 SK-MaSNL
005 20260303011356.0
008 220422c1996 xo 0 slo
015 |a SNBRB19rr/mm-uuuuu 
035 |a CL0584654 
040 |a SNKBUCL  |b slo  |c SNKBUCL  |e AACR2 
041 0 |a slo 
044 |a xo  |c SK 
080 |a 618.179:615.256  |2 1981 
080 |a 615.256  |2 1981 
100 1 |a Kliment, Michal,  |d 1949-  |4 aut  |9 105730 
245 1 0 |a Plánované rodičovstvo ako základné ľudské právo  |b Spektrum dostupných metód antikoncepcie  |c Michal Kliment 
650 0 7 |a antikoncepcia  |2 snkbucl  |9 2485 
655 7 |a články z novín a časopisov  |2 snkbucl  |9 267496 
773 0 |t Zdravotnícke noviny  |g Roč. 1, č. 10 (1996) 
773 0 |t [Príl.] Lekárske listy  |g Č. 10 (1996), s. 8 a 11 
850 |a Slovenská národná knižnica v Martine  |a MTA001 
852 |a SNK  |b KIS3GCP 
958 |a RK 
958 |a ME 
992 |a RBX 
999 |c 1591799  |d 1593729